|
|
|
|
| LEADER |
01066nam a22002777a 4500 |
| 001 |
41038 |
| 003 |
BD-DhAAL |
| 008 |
230328t2023 bg a|||| b||| 001 0 eng d |
| 020 |
|
|
|a 9789845062886
|
| 020 |
|
|
|a 9845062881
|
| 040 |
|
|
|a BD-DhAAL
|c BD-DhAAL
|
| 082 |
|
|
|a 363.325095492
|2 23
|
| 100 |
|
|
|a Rahman, Zia
|9 53937
|
| 245 |
|
|
|a Terrorism in Bangladesh :
|b the process of radicalization and youth vulnerabilities /
|c Zia Rahman and Monirul Islam.
|
| 260 |
|
|
|b Dhaka :
|a University Press Limited,
|c 2023.
|
| 300 |
|
|
|a xv, 254 pages ;
|c 22 cm.
|
| 504 |
|
|
|a Includes bibliographical references and index.
|
| 526 |
|
|
|a AAL
|
| 541 |
|
|
|a University Press Limited
|e 41038
|
| 650 |
|
|
|a Terrorism
|z Bangladesh.
|9 47565
|
| 650 |
|
|
|a Social problems.
|
| 700 |
|
|
|a Islam, Monirul
|9 53948
|
| 852 |
|
|
|a Ayesha Abed Library
|c General Stacks
|
| 942 |
|
|
|2 ddc
|c BK
|
| 999 |
|
|
|c 45631
|d 45631
|
| 952 |
|
|
|0 0
|1 0
|2 ddc
|4 0
|6 363_325095492000000_RAH
|7 0
|9 73460
|a BRACUL
|b BRACUL
|c GEN
|d 2023-03-23
|e University Press Limited
|g 525.00
|l 0
|o 363.325095492 RAH
|p 3010041038
|r 2023-03-23
|t 1
|v 700.00
|w 2023-03-23
|y BK
|